| 000 | 00896cam a2200253 a 4500 | ||
|---|---|---|---|
| 001 | 000006640 | ||
| 003 | DO-SdBNP | ||
| 005 | 20250529115754.0 | ||
| 008 | 970502s1996 ve b 000 0 spa | ||
| 020 | _a9806397282 | ||
| 040 |
_aDO-SdBNP _cDLC |
||
| 082 | 4 |
_a305.87 _bP391v _222 |
|
| 100 | 1 |
_aPellicer, Luis Felipe. _918442 |
|
| 245 | 1 | 3 |
_aLa vivencia del honor en la provincia de Venezuela, 1774-1809 : _bestudio de casos / _c[Luis Felipe Pellicer]. |
| 260 |
_aCaracas : _bFundación Polar, _c1996. |
||
| 300 |
_a146 p. ; _c28 cm. |
||
| 504 | _aIncluye referencias bibliográficas p. 143-146. | ||
| 650 | 4 |
_aLibertos _xDerechos civiles _zVenezuela _918443 |
|
| 650 | 4 |
_aMestizos _xDerechos civiles _zVenezuela _918444 |
|
| 650 | 0 |
_aClases sociales _zVenezuela _xHistoria _91062 |
|
| 651 | 4 |
_aVenezuela _xHistoria _y1556-1810. _918446 |
|
| 910 | _aCatalogación por copia / LC | ||
| 942 |
_2ddc _cLBS1 |
||
| 999 |
_c6430 _d6430 |
||